000 00744cam a22002053a 4500
001 43693
003 PGUSA
005 20140828084007.0
008 130911s2013||||xxu|||||s|||||000 | eng d
040 _aPGUSA
_beng
042 _adc
100 1 _aSchoolcraft, Henry Rowe,
_d1793-1864
245 1 0 _aSummary Narrative of an Exploratory Expedition to the Sources of the Mississippi River, in 1820 :
_bResumed and Completed, by the Discovery of its Origin in Itasca Lake, in 1832
_h[electronic resource] /
_cHenry Rowe Schoolcraft
260 _bProject Gutenberg,
_c2013
506 _aPublic domain in the USA.
516 _aElectronic text
830 0 _aProject Gutenberg
_v43693
856 4 0 _uhttp://www.gutenberg.org/ebooks/43693
942 _cEB
999 _c272944
_d272944